000 00760cam a22002777a 4500
003 CHAP
005 20220817041520.0
008 971013s1961 r 00010 d
010 _a16719
011 _a17691
035 _a21775
040 _cCHAP
090 _aFolleto 6144
100 0 0 _aJaime Fanlo, Fernando.
_960916
245 1 3 _aEl chopo
260 _aMadrid :
_bMinisterio de Agricultura,
_c1961
300 _a24 p.
_b: ilus
490 0 _aHojas divulgadoras
_v; 11/61
590 _aBATCH-UPD
_b10
_c20130110
_lUCH01
_h2115
590 _aCONVERSION
_b10
_c20130109
_lUCH01
_h1310
650 1 4 _aChopo.
_922871
830 0 _aHojas divulgadoras
_v; 11/61
901 _aBK
942 _cFOLL
949 _aFolleto 6144
_bBC
_cFOLL
_d-50697
_eTS1
_i21775
_mD
_si
999 _c16719
_d16719